Nommez les 85 verbes commençant par un N - 85 verbes - Statistiques

Statistiques générales
  • Ce quiz a été pris 160 fois
  • Le résultat moyen est 14 sur 85
Statistiques - réponses
Réponse % Correct
nager
85%
nier
65%
nommer
63%
nouer
62%
nourrir
60%
naître
58%
nuire
54%
narrer
52%
noter
52%
napper
51%
noyer
50%
natter
46%
naviguer
43%
nicher
40%
nettoyer
37%
niveler
34%
nacrer
33%
niquer
33%
noircir
33%
neiger
31%
numéroter
28%
narguer
27%
nominer
26%
notifier
25%
nuer
24%
nidifier
22%
normaliser
22%
nombrer
21%
navrer
19%
négocier
19%
nuancer
18%
négliger
17%
numériser
14%
naturaliser
13%
nantir
12%
nimber
12%
nipper
12%
neutraliser
10%
noyauter
10%
nervurer
9%
nécroser
8%
nécessiter
7%
niaiser
7%
nasiller
6%
nationaliser
5%
naufrager
4%
nazifier
4%
nébuliser
4%
névroser
4%
nover
4%
nanifier
3%
niaquer
3%
nitrater
3%
nitrer
3%
novéliser
3%
nasaliser
2%
néantiser
2%
noliser
2%
noper
2%
nageoter
1%
naniser
1%
nickeler
1%
nieller
1%
nitrifier
1%
nomadiser
1%
nominaliser
1%
nordir
1%
nucléariser
1%
se nommer
1%
se nouer
1%
se nourrir
1%
se noyer
1%
neigeoter
0%
néologiser
0%
nicotiniser
0%
niqueter
0%
nitroser
0%
nitroser
0%
nonupler
0%
se nécroser
0%
se négliger
0%
se neutraliser
0%
se nicher
0%
se noircir
0%
se normaliser
0%
Aucun quiz correspondant
Distribution des résultats
% des personnes avec chaque résultat
Percentile par nombre de réponses
Votre historique - résultats
Vous n’avez pas pris ce quiz